| 000 | 00367 a2200133 4500 | ||
|---|---|---|---|
| 001 | 88457 | ||
| 082 | _aPR 672 | ||
| 090 |
_c41882 _d41882 |
||
| 100 | _aLaiq Umar Farooqi | ||
| 245 | _aDesining supersonic pitot tube for 2" x 2" nozzle | ||
| 260 |
_aKarachi _bUniversity of Karachi _c1972 |
||
| 300 |
_a70p. _eFazal B Kausar |
||
| 500 | _aBE Project Reports | ||
| 942 |
_aUniversity of Karachi _kPR 672 |
||
| 999 |
_c323530 _d323530 |
||